000 01079nam a22003017a 4500
001 4998
003 FISKH
005 20241031112133.0
008 241031b cb ||||| |||| 00| 0 eng d
020 _a0439065127
040 _aFISKH
_beng
_cFISKH
_dFISKH
050 _aPZ8.S629
082 _2823.0872
100 _aSlate, Joseph
_d(1928–2020)
245 _aMiss bindergarten celebrates the 100th day /
_cby Joseph Slate illustrated by Ashley Wolff
250 _aFirst printing in 1999.
260 _aNew York :
_bScholastic,
_c1999.
300 _a39 pages :
_bColor illustrations ;
_c28 cm
505 _aN
520 _aTo celebrate one hundred days in Miss Bindergarten's kindergarten class, all her students bring one hundred of something to school, including a one hundred-year-old relative, one hundred candy hearts, and one hundred polka dots.
521 8 _a580L
_bLexile
521 8 _aN
_bRaz-Plus
650 _2Picture book
_aKindergarten
650 _2Counting
_aMath
700 _aWolff, Ashley
_dIllustrator
942 _2ddc
_cBK
_n0
999 _c4998
_d4998